| 000 | 00501nam a2200193Ia 4500 | ||
|---|---|---|---|
| 005 | 20250612144429.0 | ||
| 008 | 008 250505s9999 xx 000 0 eng d | ||
| 020 | _a9789391211370 | ||
| 040 |
_beng _cILCL |
||
| 041 |
_aeng _2eng |
||
| 084 | _aZ2,3 R2 | ||
| 100 |
_aPollock, Sir Frederick _9501353 |
||
| 245 | 4 | _aThe Indian Contract Act, 1872 | |
| 250 | _a16 | ||
| 260 |
_aHaryana _bLexis Nexis _c2022 |
||
| 300 | _acclxxix,1573p. | ||
| 700 | _aMulla | ||
| 942 |
_cTB _2Colon Classification |
||
| 999 |
_c1312392 _d1312392 |
||